Constitution of the Republic of Costa Rica, 1949 (Record no. 51455)

MARC details
000 -LEADER
fixed length control field 00653cam a22002291 4500
001 - CONTROL NUMBER
control field pa 61000018
003 - CONTROL NUMBER IDENTIFIER
control field DLC
005 - DATE AND TIME OF LATEST TRANSACTION
control field 20260227111855.0
008 - FIXED-LENGTH DATA ELEMENTS--GENERAL INFORMATION
fixed length control field 840904s1961 dcu i000 0 eng c
010 ## - LIBRARY OF CONGRESS CONTROL NUMBER
LC control number pa 61000018
035 ## - SYSTEM CONTROL NUMBER
System control number (OCoLC)11118850
040 ## - CATALOGING SOURCE
Original cataloging agency Pan American Union. Library
Transcribing agency CU
Modifying agency OAk
-- DLC
042 ## - AUTHENTICATION CODE
Authentication code premarc
043 ## - GEOGRAPHIC AREA CODE
Geographic area code nccr---
050 00 - LIBRARY OF CONGRESS CALL NUMBER
Classification number LAW <Costa Rica 1 Const. 1961>
086 0# - GOVERNMENT DOCUMENT CLASSIFICATION NUMBER
Classification number 342.728501
110 1# - MAIN ENTRY--CORPORATE NAME
Corporate name or jurisdiction name as entry element Costa Rica.
245 10 - TITLE STATEMENT
Title Constitution of the Republic of Costa Rica, 1949
Remainder of title (as amended).
260 ## - PUBLICATION, DISTRIBUTION, ETC.
Place of publication, distribution, etc. Washington :
Name of publisher, distributor, etc. Pan American Union,
Date of publication, distribution, etc. 1961.
300 ## - PHYSICAL DESCRIPTION
Extent 36 p. ;
Dimensions 28 cm.
710 2# - ADDED ENTRY--CORPORATE NAME
Corporate name or jurisdiction name as entry element Pan American Union.

No items available.

Powered by Koha